000 00704nam a2200289Ia 4500
005 20260324121800.0
008 008 260324s9999 xx 000 0 eng d
020 _a9781315885421
037 _aEBOOK
040 _aCRL
040 _beng
040 _cCRL
041 _2eng
041 _aeng
084 _qCRL
100 _aYu-Wen Chen
_91163855
245 4 _aThe Uyghur Lobby
245 0 _bGlobal Networks, Coalitions and Strategies of the World Uyghur Congress
260 _bTaylor and Francis
260 _c2013
365 _a
365 _b240
856 _uhttp://www.taylorfrancis.com/books/9781315885421
942 _cEBOOK
999 _c1756160
_d1756160